[Event "CRO-Cup"]
[Site "Pula"]
[Date "1996.??.??"]
[Round "?"]
[White "Jurkovic, Ante"]
[Black "Rogic, Davor"]
[Result "1-0"]
[WhiteElo "2335"]
[BlackElo "2445"]

1.e4 c5 2.Nf3 Nc6 3.d4 cxd4 4.Nxd4 Qb6 5.Nb3 Nf6 6.Nc3 e6 7.a3 a6 8.Bg5 Be7
9.Qd2 d6 10.Bxf6 gxf6 11.Be2 h5 12.f4 Bd7 13.Bf3 Rc8 14.O-O-O Na5 15.Nxa5 Qxa5
16.Rhe1 b5 17.Re3 Qb6 18.Qe2 Kf8 19.Na2 Rc5 20.Rc3 Rxc3 21.Nxc3 a5 22.Bxh5 b4
23.Nb1 Bb5 24.Qf3 Bc6 25.g4 f5 26.gxf5 exf5 27.axb4 fxe4 28.Qg4 axb4 29.Qf5 Be8
30.Bg4 Rxh2 31.Qxe4 b3 32.cxb3 Bf6 33.Rd2 Bc6 34.Qd3 Rh1+ 35.Kc2 Qc5+ 36.Nc3 d5
37.Qf5 Bxc3 38.bxc3 Qa3 39.Bd1 Qa2+ 40.Kc1 Qxb3 41.Qc8+ Kg7 42.Rg2+ Kf6 43.Qxc6+  1-0

[Event "CRO-Cup"]
[Site "Pula"]
[Date "1996.??.??"]
[Round "?"]
[White "Zelenika, Srdjan"]
[Black "Vujakovic, Branko"]
[Result "0-1"]
[WhiteElo "2300"]
[BlackElo "2385"]

1.e4 c5 2.Nf3 Nc6 3.d4 cxd4 4.Nxd4 Qc7 5.Nc3 e6 6.Be2 a6 7.O-O Nf6 8.Be3 Be7
9.Kh1 O-O 10.f4 d6 11.a4 Re8 12.Qe1 Nxd4 13.Bxd4 e5 14.fxe5 dxe5 15.Qg3 Bd8
16.Be3 Kh8 17.Bg5 Be6 18.Rad1 Ng8 19.Be3 Be7 20.Bg4 Nf6 21.Bf5 Rad8 22.Bg5 Rxd1
23.Rxd1 Bxf5 24.exf5 h6 25.Bxf6 Bxf6 26.Qd3 e4 27.Nxe4 Bxb2 28.Nd6 Rf8 29.h3 Kg8
30.Qc4 Qxc4 31.Nxc4 Bf6 32.Rd7 Rc8 33.Ne3 Bg5 34.Nd5 Rxc2 35.Rxb7 Rc5 36.Rd7 Ra5
37.f6 Rxa4 38.fxg7 Kxg7 39.g4 Ra2 40.Nc7 a5 41.Ne6+ Kf6 42.Nxg5 hxg5 43.Rd5 a4
44.Ra5 a3 45.Kg1 Ke6 46.Kf1 f6 47.Ke1 Kd6 48.Kd1 Ra1+ 49.Kc2 a2 50.Kb2 Rh1
51.Kxa2 Rxh3 52.Kb2 Rd3 53.Ra1 Ke5 54.Kc2 Rd4 55.Rg1 f5 56.gxf5 Kxf5 57.Rg2 g4  0-1

[Event "EU-ch U14"]
[Site "Rimavska Sobota"]
[Date "1996.??.??"]
[Round "7"]
[White "Mastrovasilis, Dimitrios"]
[Black "Bar, Roman"]
[Result "1/2-1/2"]
[WhiteElo "2110"]
[BlackElo "2145"]

1.e4 c5 2.Nf3 Nc6 3.d4 cxd4 4.Nxd4 Qc7 5.Nc3 e6 6.Be2 a6 7.O-O Nf6 8.Be3 Bb4
9.Na4 O-O 10.Nxc6 bxc6 11.Nb6 Rb8 12.Nxc8 Qxc8 13.e5 Nd5 14.Bc1 Bc5 15.c4 Ne7
16.b3 Qc7 17.Bb2 Ng6 18.Bd3 Nxe5 19.Bxh7+ Kxh7 20.Qh5+ Kg8 21.Bxe5 d6 22.Bxg7 Kxg7
23.Qg5+  1/2-1/2

[Event "Solin"]
[Site "Solin"]
[Date "1996.??.??"]
[Round "6"]
[White "Zelcic, Robert"]
[Black "Kurajica, Bojan"]
[Result "1-0"]
[WhiteElo "2495"]
[BlackElo "2505"]

1.e4 c5 2.Nf3 Nc6 3.d4 cxd4 4.Nxd4 Qb6 5.Nb3 Nf6 6.Nc3 e6 7.a3 Qc7 8.Bd3 a6
9.O-O Be7 10.Kh1 b5 11.f4 d6 12.Qf3 Bb7 13.Bd2 O-O 14.Qh3 b4 15.Nd1 bxa3
16.Rxa3 d5 17.exd5 exd5 18.Ne3 Nb4 19.Bf5 d4 20.Ng4 Nbd5 21.Ra4 g6 22.Nh6+ Kh8
23.Nxd4 gxf5 24.Ndxf5 Ng8 25.c4 Nb6 26.Ba5 Qd7 27.Bc3+ f6 28.Qg3 Bd8 29.Rb4 Nxh6
30.Nxh6 a5 31.Rb5 Qg7 32.Qh3 Bc8 33.Qh4 Be6 34.b3 a4 35.Rg5 Qd7 36.f5 Qd3
37.Qe1 Bd7 38.Rf3 Qd6 39.Rfg3 Qxg3 40.Qxg3  1-0

[Event "Solymar op"]
[Site "Solymar"]
[Date "1996.??.??"]
[Round "?"]
[White "Lutring, Aniko"]
[Black "Horvath, Jozsef"]
[Result "0-1"]
[WhiteElo "2015"]
[BlackElo "2505"]

1.e4 c5 2.Nf3 Nc6 3.d4 cxd4 4.Nxd4 Qc7 5.Nc3 e6 6.a3 a6 7.Be3 Nf6 8.Be2 b5
9.O-O Bb7 10.Nxc6 Bxc6 11.Qd3 Be7 12.Rad1 O-O 13.f4 d6 14.Bf3 Rfd8 15.Qe2 Rab8
16.g4 a5 17.g5 Nd7 18.f5 Ne5 19.b4 axb4 20.axb4 exf5 21.Nd5 Bxd5 22.Rxd5 Rdc8
23.Rxb5 Rxb5 24.Qxb5 Qxc2  0-1

[Event "Solymar op"]
[Site "Solymar"]
[Date "1996.??.??"]
[Round "?"]
[White "Borocz, Istvan"]
[Black "Horvath, Jozsef"]
[Result "1-0"]
[WhiteElo "2415"]
[BlackElo "2505"]

1.e4 c5 2.Nf3 Nc6 3.d4 cxd4 4.Nxd4 Qc7 5.Nc3 e6 6.Be2 a6 7.O-O Nf6 8.Be3 Be7
9.f4 d6 10.Qe1 O-O 11.Qg3 Nxd4 12.Bxd4 b5 13.a3 Bb7 14.Rae1 Rad8 15.Kh1 Rfe8
16.Bd3 Rd7 17.e5 dxe5 18.Bxe5 Qd8 19.Ne4 Nh5 20.Qh3 g6 21.Re3 f5 22.Nc3 Bc5
23.Ree1 Bd4 24.Bxd4 Rxd4 25.Ne2 Rd6 26.Ng1 Qf6 27.b4 Kg7 28.Qe3 Qh4 29.Nh3 Nf6
30.Kg1 Ng4  1-0

[Event "RUS-Cup1 Chigorin mem"]
[Site "St Petersburg"]
[Date "1996.??.??"]
[Round "1"]
[White "Petrov, A."]
[Black "Poluljahov, Aleksandr"]
[Result "1/2-1/2"]
[WhiteElo "2265"]
[BlackElo "2490"]

1.e4 c5 2.Nf3 Nc6 3.d4 cxd4 4.Nxd4 Qc7 5.Nc3 e6 6.Be2 a6 7.O-O Nf6 8.Kh1 Nxd4
9.Qxd4 Bc5 10.Qd3 b5 11.f4 Bb7 12.Bf3 h5 13.e5 Ng4 14.Bxb7 Qxb7 15.Ne4 Be7
16.b3 Rc8 17.Bb2 Nh6 18.Rad1 Nf5 19.Rf2 h4 20.Rfd2 Rc7 21.c4 bxc4 22.bxc4 O-O
23.Qf3 Rb8 24.Rc2 Qc6 25.Rd3 Rb4 26.Nd2 Qa4 27.Rb3 Qc6 28.Qxc6 Rxc6 29.Bc3 Ra4
30.Rcb2 g5 31.fxg5 Bxg5 32.Rb4 Bxd2 33.Bxd2 Rxc4 34.Rxa4 Rxa4 35.Kg1 d6 36.exd6 Nxd6
37.Bc3 Kh7 38.Rb4 Rxb4 39.Bxb4 Nf5 40.Kf2 Kg6 41.Kf3 e5 42.Be1 Kg5 43.Bd2+ Kf6
44.Be1 Kg5 45.Bd2+ Kg6 46.Be1 Nd4+ 47.Ke4 h3 48.gxh3 f5+ 49.Kd3 Nf3 50.Bg3 Kf6
51.Ke3 Ng5 52.h4 Ne6 53.Be1 Nf4 54.Ba5 Ng2+ 55.Kf2 Nf4 56.Bd8+ Kg6 57.Bc7 Kf6
58.Bd8+ Ke6 59.Bg5 Nh5 60.Bd8 f4 61.Ke2 Kf5 62.Kf2 e4 63.Bc7 Ng7 64.Bb8 Ne6
65.h5 e3+ 66.Ke2 Ke4 67.h6 f3+ 68.Kf1 Ng5 69.h4 Nh7 70.Bg3 Nf6 71.Ke1 Kd3
72.h5 Ke4 73.Bh4 Nh7 74.Bd8 Kd3 75.Bh4 Ke4 76.Bd8 Kd3  1/2-1/2

[Event "RUS-Cup1 Chigorin mem"]
[Site "St Petersburg"]
[Date "1996.??.??"]
[Round "3"]
[White "Galkin, Alexander"]
[Black "Tregubov, Pavel V"]
[Result "1/2-1/2"]
[WhiteElo "2425"]
[BlackElo "2520"]

1.e4 c5 2.Nf3 Nc6 3.d4 cxd4 4.Nxd4 Qc7 5.Nc3 e6 6.Be2 a6 7.O-O Nf6 8.Be3 Bb4
9.Na4 Bd6 10.Nb6 Rb8 11.g3 Ne5 12.f4 Qxb6 13.fxe5 Bxe5 14.Nf5 Qc7 15.Nxg7+ Ke7
16.Bd3 Rg8 17.Nh5 Ng4 18.Qf3  1/2-1/2

[Event "Petrov mem"]
[Site "St Petersburg"]
[Date "1996.??.??"]
[Round "7"]
[White "Fedorov, Alexei"]
[Black "Yandemirov, Valeri"]
[Result "1/2-1/2"]
[WhiteElo "2540"]
[BlackElo "2430"]

1.e4 c5 2.Nf3 Nc6 3.d4 cxd4 4.Nxd4 Qc7 5.Nc3 e6 6.g3 a6 7.Bg2 Nf6 8.Nb3 d6
9.g4 Be7 10.g5 Nd7 11.f4 b5 12.O-O Bb7 13.f5 Nc5 14.Nxc5 dxc5 15.fxe6 fxe6
16.Bf4 Qb6 17.Qh5+ g6 18.Qh3 Bc8 19.Be3 Nd4 20.e5 Bb7 21.Bxb7 Qxb7 22.Bxd4 cxd4
23.Qxe6 dxc3 24.Rad1 Rf8 25.Rxf8+ Kxf8 26.Rf1+ Ke8 27.Qf7+ Kd7 28.Rd1+ Kc6
29.Qe6+ Kc5 30.Rd7 Qe4 31.Rc7+ Kb4 32.Qxe7+ Ka5 33.Qa3+ Kb6 34.Qd6+ Ka5 35.Qa3+ Kb6
36.Qc5+ Ka5 37.Qxc3+ Kb6 38.Qc5+ Ka5 39.Qa3+ Kb6 40.Qd6+ Ka5 41.Qd2+ Kb6
42.Rf7 Rc8 43.Rf6+ Kb7 44.c3 Qxe5 45.Qg2+ Ka7 46.Qf2+ Rc5 47.h4 Kb7 48.Rf7+ Rc7
49.Qf3+ Ka7 50.Rf8 Qe1+ 51.Kg2 Qd2+ 52.Qf2+ Qxf2+ 53.Kxf2 Re7 54.Rf6 Kb7
55.Kf3 a5 56.b3 Ka7 57.Kf4 Kb7 58.h5 gxh5 59.Rh6 a4 60.bxa4 bxa4 61.a3 Rc7
62.Rxh5 Kb6 63.Kf5 Kb5 64.Rh4  1/2-1/2

[Event "RUS-Cup1 Chigorin mem"]
[Site "St Petersburg"]
[Date "1996.??.??"]
[Round "8"]
[White "Kovalev, Andrei"]
[Black "Karasev, Vladimir I"]
[Result "1-0"]
[WhiteElo "2450"]
[BlackElo "2350"]

1.e4 c5 2.Nf3 Nc6 3.d4 cxd4 4.Nxd4 Qb6 5.Nb5 Nf6 6.Be3 Qd8 7.N1c3 a6 8.Na3 e6
9.Nc4 Bb4 10.Nd6+ Ke7 11.Nxc8+ Rxc8 12.Bd3 d5 13.exd5 Nxd5 14.Bd2 Qa5 15.Nxd5+ Qxd5
16.O-O Rhd8 17.Bf4 Bd6 18.Bxd6+ Rxd6 19.Qg4 Qd4 20.Qg3 Qe5 21.f4 Qxb2 22.Rab1 Qd4+
23.Kh1 b5 24.a4 Kf8 25.axb5 axb5 26.f5 exf5 27.Rf4 Qe5 28.Re1 Rxd3 29.cxd3 Qd6
30.Qh4 h6 31.Rxf5 Nd4 32.Rff1 b4 33.Qg4 Rd8 34.Qh5 f6 35.Qg6 b3 36.Re4 b2
37.Rg4 Rd7 38.Qh7 Qe6 39.Re4 Qg8 40.Re8+ Kxe8 41.Qxg8+  1-0

[Event "Star Dorjan (Women)"]
[Site "Star Dorjan"]
[Date "1996.??.??"]
[Round "6"]
[White "Sakotic, Jasna"]
[Black "Genova, Ruzka"]
[Result "0-1"]
[WhiteElo "2100"]
[BlackElo "2250"]

1.e4 c5 2.Nf3 Nc6 3.d4 cxd4 4.Nxd4 Qb6 5.Nb3 Nf6 6.Nc3 e6 7.Be3 Qc7 8.a3 d6
9.Be2 Be7 10.O-O a6 11.f4 O-O 12.Kh1 Re8 13.Bf3 Na5 14.Nxa5 Qxa5 15.Qd2 Qc7
16.Qf2 Nd7 17.Rad1 Bf8 18.f5 Ne5 19.Be2 b5 20.f6 gxf6 21.Qg3+ Kh8 22.Rxf6 Bg7
23.Rf4 Ng6 24.Rf2 Ne5 25.Rdf1 Rg8 26.Qh4 Bb7 27.Qh5 Raf8 28.Rf4 Ng6 29.R4f3 f5
30.Rh3 Be5 31.exf5 Bxg2+ 32.Kxg2 Nf4+ 33.Kh1 Nxh5 34.Rxh5 Rxf5 35.Rhxf5 exf5
36.Rxf5 Qc6+ 37.Bf3 Qc4 38.Be2 Qh4 39.Rf2 Bxh2  0-1

[Event "SWE-chT 9596"]
[Site "?"]
[Date "1996.??.??"]
[Round "?"]
[White "Sanden, Stefan"]
[Black "Sjoberg, Mats"]
[Result "0-1"]
[WhiteElo "2330"]
[BlackElo "2445"]

1.e4 c5 2.Nf3 Nc6 3.d4 cxd4 4.Nxd4 Qc7 5.Nc3 e6 6.f4 a6 7.Nxc6 Qxc6 8.Bd3 Bc5
9.Qg4 g6 10.f5 b5 11.Bg5 Bb7 12.fxg6 hxg6 13.O-O-O Bd6 14.h4 Be5 15.Rhf1 Rh7
16.Ne2 Qc5 17.Kb1 Rc8 18.Bf4 Nf6 19.Qf3 Nxe4 20.Bxe4 f5 21.Bxe5 Bxe4 22.Qg3 Bxc2+
23.Ka1 Bxd1 24.Rxd1 Qc2 25.Qe1 Qe4 26.Bf6 d5 27.Rd4 Qxe2  0-1

[Event "EU-ch U20 Girls"]
[Site "Tapolca"]
[Date "1996.??.??"]
[Round "1"]
[White "Ipavec, Petra"]
[Black "Mashinskaya, Iulia"]
[Result "0-1"]
[WhiteElo "2070"]
[BlackElo "2230"]

1.e4 c5 2.Nf3 Nc6 3.d4 cxd4 4.Nxd4 Qc7 5.Nc3 e6 6.Be2 a6 7.O-O Nf6 8.Kh1 Bb4
9.Bf3 Ne5 10.Bf4 d6 11.Nce2 O-O 12.c3 Bc5 13.Ng3 b5 14.Bg5 Nxf3 15.Qxf3 Nd7
16.Nh5 Ne5 17.Qg3 Ng6 18.f4 Bxd4 19.cxd4 f5 20.Rac1 Qf7 21.exf5 exf5 22.Rc6 h6
23.Bh4 Bb7 24.Rxd6 Nxh4 25.Qxh4 Rac8 26.Rd1 Be4 27.Ng3 Rc2 28.Nxe4 fxe4 29.Rf1 e3
30.Qe1 Re8 31.Rxa6 e2 32.Rg1 Qxf4 33.Ra3 Rc1 34.Rf3 Rxe1 35.Rxe1 Qd2  0-1

[Event "CRO-chT2"]
[Site "Tucepi"]
[Date "1996.??.??"]
[Round "?"]
[White "Bubalovic, Davorin"]
[Black "Badea, Bela"]
[Result "0-1"]
[WhiteElo "2315"]
[BlackElo "2520"]

1.e4 c5 2.Nf3 Nc6 3.d4 cxd4 4.Nxd4 Qc7 5.Nc3 e6 6.Be2 a6 7.O-O Nf6 8.Be3 Bb4
9.Nxc6 bxc6 10.Na4 Rb8 11.Bf3 d5 12.Qd3 Bd6 13.exd5 cxd5 14.Rfc1 Rb4 15.b3 Bxh2+
16.Kf1 Be5 17.Rab1 O-O 18.c3 Rb8 19.Nc5 Bf4 20.b4 Bxe3 21.Qxe3 e5 22.Kg1 Rb6
23.c4 d4 24.Qd3 Ne8 25.Re1 f5 26.Bd5+ Kh8 27.f4 Rxb4 28.Rxb4 Qxc5 29.Rb8 e4
30.Rxc8 Qxc8 31.Qxd4 Nf6 32.Rb1 Rd8 33.g3 h6 34.Rb2 Qd7 35.Rb6 Qa7 36.Kf1 Rd6
37.Qc5 Qxb6 38.Qc8+ Qd8  0-1

[Event "CRO-chT"]
[Site "Tucepi"]
[Date "1996.??.??"]
[Round "?"]
[White "Zelenika, Srdjan"]
[Black "Zivkovic, Vjekoslav"]
[Result "1/2-1/2"]
[WhiteElo "2300"]
[BlackElo "2255"]

1.e4 c5 2.Nf3 Nc6 3.d4 cxd4 4.Nxd4 Qc7 5.Nc3 e6 6.Be2 a6 7.O-O Nf6 8.Be3 d6
9.f4 Be7 10.a4 O-O 11.Kh1 Re8 12.Nb3 b6 13.Bf3 Bb7 14.Qd2 Bf8 15.Qf2 Nd7
16.Rad1 Rab8 17.Qd2 Ba8 18.e5 d5 19.Be2 Bb7 20.Qe1 Bc5 21.Nd4 Nxd4 22.Bxd4 Rbc8
23.Rf3 Nb8 24.Rh3 Qe7 25.Bd3 g6 26.Ne2 Nc6 27.c3 Bxd4 28.Nxd4 Nxd4 29.cxd4 Rc6
30.Qe2 Rec8 31.Rf3 b5 32.axb5 axb5 33.Rff1 b4 34.Rc1 Rc4 35.Qe3 Qd7 36.h3 Qd8
37.Bxc4 dxc4 38.Rf2 Bd5 39.Kh2 Ra8 40.g4 Qh4 41.f5 Qe7 42.fxg6 hxg6 43.Rcf1 Rf8
44.Qh6 Qc7 45.Qf4 Qe7 46.g5 c3 47.bxc3 bxc3 48.Qh4 Ba8 49.Qg3 Be4 50.Qxc3 Qxg5
51.Rg1 Qh6 52.Qd2 Qxd2 53.Rxd2 Rc8 54.Re1 Bf5 55.Re3 Kg7 56.Ra3 Rc1 57.Re3 Rb1
58.Kg2 Kh6 59.Kg3 Rg1+ 60.Kf2 Rh1 61.Kg2 Rb1  1/2-1/2

[Event "CRO-chT2"]
[Site "Tucepi"]
[Date "1996.??.??"]
[Round "?"]
[White "Sasu Ducsoara, Andrea"]
[Black "Velcheva, Maria"]
[Result "0-1"]
[WhiteElo "2140"]
[BlackElo "2270"]

1.e4 c5 2.Nf3 Nc6 3.d4 cxd4 4.Nxd4 Qc7 5.Nc3 e6 6.Be2 Nf6 7.O-O Bb4 8.Ndb5 Qb8
9.a3 Bc5 10.b4 Be7 11.Be3 d6 12.f4 O-O 13.Bf3 Rd8 14.Ne2 a6 15.Nbd4 e5 16.Nb3 d5
17.Bb6 Rd7 18.exd5 e4 19.Bg4 Rxd5  0-1

[Event "CZE-ch U20"]
[Site "Usti nad Labem"]
[Date "1996.??.??"]
[Round "5"]
[White "Sluka, Radek"]
[Black "Vavra, Pavel"]
[Result "1-0"]
[WhiteElo "2320"]
[BlackElo "2350"]

1.e4 c5 2.Nf3 Nc6 3.d4 cxd4 4.Nxd4 Qb6 5.Nb3 Nf6 6.Nc3 e6 7.Bd3 a6 8.O-O Be7
9.Kh1 d6 10.f4 h5 11.a4 Ng4 12.Qe2 Nd4 13.Nxd4 Qxd4 14.Nd1 Bd7 15.Bd2 Bf6
16.a5 Bc6 17.c4 Qa7 18.Ra2 Bd4 19.b4 Rc8 20.h3 Bd7 21.Qe1 Qb8 22.Bc3 Bxc3
23.Qxc3 Nf6 24.e5 Nd5 25.Qe1 Ne7 26.Nc3 Nc6 27.Ne4 dxe5 28.Qg3 Kf8 29.Raf2 Be8
30.Ng5 Rh6 31.b5 h4 32.Qg4 axb5 33.cxb5 Nb4 34.Be2 e4 35.Nxe4 f5 36.Qg5 fxe4
37.f5 e3 38.f6 Rg6 39.fxg7+ Kxg7 40.Qe7+ Bf7 41.Rxf7+ Kg8 42.Qxb4 Rxg2 43.Rf8+  1-0

[Event "CZE-ch (Women)"]
[Site "Usti nad Labem"]
[Date "1996.??.??"]
[Round "6"]
[White "Jackova, Jana"]
[Black "Kawaciukova, Zuzana"]
[Result "0-1"]
[WhiteElo "2210"]
[BlackElo "2105"]

1.e4 c5 2.Nf3 Nc6 3.d4 cxd4 4.Nxd4 Qc7 5.Nc3 e6 6.Be2 a6 7.O-O Nf6 8.Kh1 b5
9.a3 Bb7 10.Nb3 Ne5 11.f4 Nc4 12.Bf3 h5 13.Qe2 Be7 14.Nd2 Ng4 15.Nxc4 bxc4
16.e5 f5 17.Bxb7 Qxb7 18.Qf3 Qa7 19.b4 cxb3 20.cxb3 Bc5 21.Ra2 Rc8 22.Nd1 Bg1
23.Rxg1 Rxc1 24.Nf2 Qc5 25.b4 Rxg1+ 26.Kxg1 Qc1+ 27.Nd1 O-O 28.h3 Ne3 29.Qxe3 Qxd1+
30.Kh2 Rc8 31.Rd2 Qc1 32.Rd3 Qf1 33.Qf3 Qe1 34.Rxd7 h4 35.Rd1 Qc3 36.Rd8+ Kf7
37.Qh5+  0-1

[Event "CZE-ch (Women)"]
[Site "Usti nad Labem"]
[Date "1996.??.??"]
[Round "7"]
[White "Muzikantova, Vladimira"]
[Black "Slepankova, Radka"]
[Result "1/2-1/2"]
[WhiteElo "1930"]
[BlackElo "1950"]

1.e4 c5 2.Nf3 Nc6 3.d4 cxd4 4.Nxd4 Qb6 5.Nb5 a6 6.Be3 Qa5+ 7.N5c3 g6 8.Nd2 Bg7
9.Nd5 Bd4 10.Bxd4 Nxd4 11.c3 Ne6 12.Nc4 Qd8 13.f4 b5 14.Nce3 Bb7 15.f5 Nc7
16.Qd4 f6 17.Be2 Nxd5 18.exd5 Qc7 19.Rc1 Rc8 20.Bf3 Qc5 21.Qd3 g5 22.Bh5+ Kf8
23.c4 Qb4+ 24.Qd2 Qxd2+ 25.Kxd2 bxc4 26.Be2 Nh6 27.Rxc4 Kg7 28.Rhc1 Nf7 29.Rc7 Nd6
30.Rxd7 Rxc1 31.Kxc1 Rc8+ 32.Kd1 Kf7 33.Bh5+ Kf8 34.b3 a5 35.Nc4 Nxc4 36.bxc4 Ba6
37.d6 exd6 38.Rxd6 Bxc4 39.Rxf6+ Kg7 40.Rd6 Bxa2 41.Ra6 Bb3+ 42.Ke1 a4 43.f6+ Kh6
44.Bf3 Re8+ 45.Kd2 Re6 46.f7 Kg7 47.Ra7 h6 48.Bh5 Rd6+ 49.Ke3 Re6+ 50.Kd2 Rf6
51.Ke3 Rf4 52.g3 Rf6 53.Ra8 Bxf7 54.Bxf7 Kxf7 55.Rxa4 Kg6 56.g4 Rc6 57.Ra2 Kf6
58.Ke4 Rc4+ 59.Kf3 Ke5 60.Re2+ Kd5 61.Rd2+  1/2-1/2

[Event "Velden op"]
[Site "Velden"]
[Date "1996.??.??"]
[Round "1"]
[White "Paehtz, Thomas Sr"]
[Black "Bannink, Bernard"]
[Result "1-0"]
[WhiteElo "2475"]
[BlackElo "2215"]

1.e4 c5 2.Nf3 Nc6 3.d4 cxd4 4.Nxd4 Qb6 5.Nb3 Nf6 6.Nc3 e6 7.Bd3 a6 8.O-O Be7
9.a4 d6 10.Be3 Qc7 11.a5 Nd7 12.Qh5 Nc5 13.Nxc5 dxc5 14.Na4 Nxa5 15.Nxc5 Nc6
16.Na4 O-O 17.Bb6 Qe5 18.Qe2 g6 19.f4 Qg7 20.c3 Bd7 21.Nc5 Bxc5+ 22.Bxc5 Rfe8
23.Qd2 Rac8 24.Bxa6 bxa6 25.Qxd7 e5 26.f5 Nb8 27.Qa7 f6 28.fxg6 hxg6 29.Rad1 Rc7
30.Qb6 Rc6 31.Qb4 Nd7 32.Qb3+ Kh7 33.Rd3 g5 34.Rh3+ Kg6 35.Qd1 Kf7 36.Qxd7+  1-0

[Event "GRE-ch (Women)"]
[Site "Volos"]
[Date "1996.??.??"]
[Round "1"]
[White "Kondou, Eva"]
[Black "Fakhiridou, Ekaterini"]
[Result "0-1"]
[WhiteElo "2260"]
[BlackElo "2170"]

1.e4 c5 2.Nf3 Nc6 3.d4 cxd4 4.Nxd4 Qc7 5.Nb5 Qb8 6.c4 Nf6 7.N5c3 b6 8.g3 Bb7
9.Bf4 e5 10.Bg5 Nd4 11.Bg2 Be7 12.Bxf6 Bxf6 13.Na3 O-O 14.O-O Qc7 15.Qd3 Rac8
16.b3 Qc5 17.Nab5 a6 18.Nxd4 exd4 19.Nd5 Bxd5 20.cxd5 Qb5 21.Rad1 Qxd3 22.Rxd3 Rc2
23.a4 Rfc8 24.Rfd1 R8c3 25.Bf1 Rb2 26.R3d2 Rbxb3 27.Bxa6 h5 28.Bb5 d6 29.h4 Be5
30.Rd3 Rb2 31.R1d2 Rc1+ 32.Kg2 Rbb1 33.f4 Bf6 34.Re2 Rg1+ 35.Kf3 Rgf1+ 36.Rf2 Rfc1
37.Bc6 Re1 38.Re2 Rf1+ 39.Rf2 Rfc1 40.Kg2 Rg1+ 41.Kf3 Rgc1 42.Bb5 Rc3 43.e5 dxe5
44.d6 e4+  0-1

[Event "GRE-ch (Women)"]
[Site "Volos"]
[Date "1996.??.??"]
[Round "9"]
[White "Makropoulou, Marina"]
[Black "Botsari Miladinovic, Anna Maria"]
[Result "0-1"]
[WhiteElo "2250"]
[BlackElo "2335"]

1.e4 c5 2.Nf3 Nc6 3.d4 cxd4 4.Nxd4 Qc7 5.Nc3 e6 6.g3 a6 7.Bg2 Nf6 8.O-O Bc5
9.Bf4 Ne5 10.Na4 Ba7 11.c4 d6 12.Rc1 Bd7 13.c5 O-O 14.b4 Bxa4 15.Qxa4 dxc5
16.bxc5 Bxc5 17.Nb3 b6 18.Nxc5 bxc5 19.Bxe5 Qxe5 20.f4 Qc7 21.e5 Nd5 22.Qc4 Rac8
23.Bxd5 exd5 24.Qxd5 c4 25.Rc2 Qb6+ 26.Kg2 Rfd8 27.Qf3 Rd4 28.Rd1 Qd8 29.Rxd4 Qxd4
30.Qb7 Qc5 31.Qxa6 h5 32.Qd6 Qe3 33.Qd5 h4 34.Kh3 hxg3 35.hxg3 c3 36.Kg2 Qb6
37.Qf3 Qd4 38.Kh3 g6 39.Kg2 Kg7 40.e6 Qa4 41.Qe2 Qc6+ 42.Qf3 Qxe6 43.g4 Qd7
44.Kg3 Qd4 45.Qe2 Rc5 46.Qf3 Rc4 47.Kh3 Rc8 48.Kg3 Qg1+ 49.Qg2 Qe1+ 50.Qf2 Qe4
51.Re2 Qxe2 52.Qxe2 c2 53.Qe5+ Kg8  0-1

[Event "JUG-chT"]
[Site "Vrnjacka Banja"]
[Date "1996.??.??"]
[Round "?"]
[White "Aleksic, Milan"]
[Black "Damjanovic, Vladimir"]
[Result "0-1"]
[WhiteElo "2320"]
[BlackElo "2440"]

1.e4 c5 2.Nf3 Nc6 3.d4 cxd4 4.Nxd4 Qb6 5.Nb3 Nf6 6.Nc3 e6 7.Be3 Qc7 8.Bd3 a6
9.O-O d6 10.f4 Be7 11.a4 b6 12.Be2 O-O 13.g4 Re8 14.Bf3 Bb7 15.g5 Nd7 16.Bg2 g6
17.Rf2 Na5 18.Qg4 Nc4 19.Bc1 Bf8 20.Nd4 Bg7 21.Nde2 b5 22.Ra2 b4 23.Nb1 f5
24.exf5 exf5 25.Qg3 d5 26.b3 Qc5 27.Qd3 Ne3 28.Bf3 Rac8 29.c3 bxc3 30.Na3 Ng4
31.Bxg4 fxg4 32.Nc2 d4 33.Ncxd4 Qd5 34.Kf1 Rxe2 35.Kxe2 Bxd4  0-1

[Event "JUG-ch (Women) 2"]
[Site "Vrnjacka Banja"]
[Date "1996.??.??"]
[Round "?"]
[White "Micic, Snezana"]
[Black "Matveeva, Svetlana"]
[Result "1/2-1/2"]
[WhiteElo "2180"]
[BlackElo "2445"]

1.e4 c5 2.Nf3 Nc6 3.d4 cxd4 4.Nxd4 Qc7 5.Nc3 e6 6.Be2 a6 7.O-O b5 8.Be3 Bb7
9.Nb3 Nf6 10.f3 Ne5 11.Qd4 Rc8 12.Qb6 Qxb6 13.Bxb6 b4 14.Na4 Rxc2 15.Bd1 Rc6
16.Bd4 Nc4 17.Be2 d5 18.Rac1 Be7 19.Rfe1 O-O 20.exd5 exd5 21.Bxc4 dxc4 22.Na5 Rc7
23.Nxb7 Rxb7 24.Rxc4  1/2-1/2

[Event "Warsaw op (Women)"]
[Site "Warsaw"]
[Date "1996.??.??"]
[Round "3"]
[White "Nekrasova, Elena"]
[Black "Blimke, Dalia"]
[Result "1/2-1/2"]
[WhiteElo "2085"]
[BlackElo "2150"]

1.e4 c5 2.Nf3 Nc6 3.d4 cxd4 4.Nxd4 Qc7 5.Nc3 e6 6.Be3 a6 7.Be2 Nf6 8.f4 Bb4
9.Bf3 e5 10.Ne2 exf4 11.Bxf4 Ne5 12.Qd4 Bxc3+ 13.bxc3 d6 14.Rd1 Be6 15.Qxd6 Qxd6
16.Rxd6 Nxf3+ 17.gxf3 Nh5 18.a3 Nxf4 19.Nxf4 Rc8 20.Nxe6 fxe6 21.Rxe6+ Kf7
22.Rb6 Rxc3 23.Rxb7+ Kf6 24.Rb6+ Ke5 25.Rxa6 Rxc2 26.O-O Rd8 27.Rf2 Rc1+
28.Kg2 Ra1 29.Ra7 Rdd1 30.Kg3 Kf6 31.Re2 Rg1+ 32.Kh3 Raf1 33.Ra6+ Ke5 34.Ra5+ Kd4
35.Rb5 Rg6 36.Rg2 Rh6+ 37.Kg3 Rg6+ 38.Kh3 Rh6+ 39.Kg4  1/2-1/2

[Event "Warsaw op (Women)"]
[Site "Warsaw"]
[Date "1996.??.??"]
[Round "5"]
[White "Sosnowska, Elzbieta"]
[Black "Konarkowska Sokolov, Henrijeta"]
[Result "1-0"]
[WhiteElo "2100"]
[BlackElo "2065"]

1.e4 c5 2.Nf3 Nc6 3.d4 cxd4 4.Nxd4 Qb6 5.Nb3 Qc7 6.Nc3 e6 7.g3 a6 8.a4 Nf6
9.Bg2 Be7 10.O-O O-O 11.f4 d6 12.Qe2 Re8 13.Kh1 Nd7 14.Be3 Bf6 15.Nd1 e5
16.f5 Nd4 17.Qf2 Qxc2 18.Bxd4 Qxb3 19.Bc3 a5 20.Ne3 Bd8 21.Rfd1 Qb6 22.Qe2 Qc6
23.Qb5 Bc7 24.Nc4 Nc5 25.Nxd6 Bxd6 26.Rxd6 Qxb5 27.axb5 Bd7 28.Rd5 b6 29.Rxe5 Bxb5
30.Rxe8+ Rxe8 31.e5 Nd3 32.Bd4 Nxe5 33.Bxb6 a4 34.Bd4 Nd7 35.Bd5 h6 36.Rc1 Rd8
37.Bc6 Bxc6+ 38.Rxc6 Nf8 39.Bc3 Ra8 40.Rc7 f6 41.Bb4 Nh7 42.h4 h5 43.Kg2 Rb8
44.Ba3 Ra8 45.Kf3 Nf8 46.Ke4 Kh7 47.Rf7 Kg8 48.Rxf8+ Rxf8 49.Bxf8 Kxf8 50.Kd5 Kf7
51.Kc4 g5 52.Kb4 Ke7 53.Kxa4 Kd6 54.b4 Ke5 55.b5 Kxf5 56.hxg5 fxg5 57.b6 Kg4
58.b7 Kxg3 59.b8=Q+ Kh3 60.Qb3+ Kh4 61.Qd5 g4 62.Kb3 g3 63.Qg2 Kg4 64.Kc3 h4
65.Kd3 h3 66.Qe4+ Kg5 67.Ke2 Kh5 68.Kf3 g2 69.Kf2  1-0

[Event "Warsaw op (Women)"]
[Site "Warsaw"]
[Date "1996.??.??"]
[Round "7"]
[White "Konarkowska Sokolov, Henrijeta"]
[Black "Blimke, Dalia"]
[Result "1-0"]
[WhiteElo "2065"]
[BlackElo "2150"]

1.e4 c5 2.Nf3 Nc6 3.d4 cxd4 4.Nxd4 Qc7 5.Nb5 Qb8 6.c4 Nf6 7.N5c3 e6 8.f4 d6
9.a3 Be7 10.Bd3 O-O 11.Be3 b6 12.O-O Bb7 13.Nd2 Rd8 14.Qf3 g6 15.Rae1 Rd7
16.Qh3 Qd8 17.f5 exf5 18.exf5 Ne5 19.Be2 Rc8 20.fxg6 hxg6 21.Bd4 Kg7 22.b3 Qh8
23.Bg4 Nfxg4 24.Qxg4 Rcd8 25.Re3 f6 26.Qf4 Qh6 27.Nd5 Bxd5 28.Qxh6+ Kxh6
29.cxd5 Rc7 30.Ne4 Kg7 31.Nc3 Rdc8 32.h3 Rb7 33.a4 a6 34.g4 b5 35.axb5 axb5
36.Kg2 b4 37.Na4 Bd8 38.g5 Rc2+ 39.Kg3 Rd2 40.gxf6+ Bxf6 41.Rxf6 Kxf6 42.Bxe5+ dxe5
43.Nc5 Rxd5 44.Nxb7 Ke7 45.Re4 Rd3+ 46.Kg4 Rxb3 47.Rxe5+ Kf6 48.Rb5 Rb1 49.Na5 Rg1+
50.Kf3 Rh1 51.Kg2 Rb1 52.Nc6 b3 53.Na5 b2 54.Nc4 Rc1 55.Nxb2 Rc3 56.Nd1 Ra3
57.Nf2 Ra6 58.Ne4+ Kg7 59.Kg3 Kh6 60.Kg4 Ra4 61.Re5 Ra6 62.Re7 Rb6 63.Kh4 Rc6
64.Nf2 g5+ 65.Kg4 Rf6 66.Ne4 Rf4+ 67.Kg3 Rf5 68.Re6+ Kg7 69.Kg4 Rf7 70.Kxg5 Rc7
71.Re5 Rb7 72.h4 Rb8 73.h5 Kh7 74.Nf6+ Kg7 75.h6+ Kh8 76.Re8+ Rxe8 77.Nxe8 Kh7
78.Nd6 Kh8 79.Kg6 Kg8 80.h7+  1-0

[Event "Yalta op"]
[Site "Yalta"]
[Date "1996.??.??"]
[Round "10"]
[White "Braslavsky, Aleksandr"]
[Black "Arzumanian, Georgy"]
[Result "1-0"]
[WhiteElo "2150"]
[BlackElo "2330"]

1.e4 c5 2.Nf3 Nc6 3.d4 cxd4 4.Nxd4 Qb6 5.Nb3 Nf6 6.Nc3 e6 7.Be3 Qc7 8.Bd3 a6
9.a4 b6 10.f4 d6 11.Qf3 Be7 12.O-O Bb7 13.Rae1 O-O 14.Qh3 g6 15.f5 exf5 16.exf5 Ne5
17.Bh6 Rfe8 18.Bg5 Qd8 19.Qh4 Kg7 20.Qh6+ Kg8 21.fxg6 hxg6 22.Rxe5 Ng4 23.Bxe7 Rxe7
24.Rxe7 Nxh6 25.Rxb7 d5 26.h3 Qd6 27.Re1 d4 28.Nd1 Qc6 29.Ree7 Rd8 30.Nf2 Kf8
31.Ng4 Re8 32.Ne5 Qc8 33.Rbc7 Qa8 34.Ra7  1-0

[Event "Yerevan ol (Men)"]
[Site "Yerevan"]
[Date "1996.??.??"]
[Round "2"]
[White "Svidler, Peter"]
[Black "Rahman, Ziaur"]
[Result "1-0"]
[WhiteElo "2650"]
[BlackElo "2460"]

1.e4 c5 2.Nf3 Nc6 3.d4 cxd4 4.Nxd4 Qc7 5.Nc3 e6 6.Be2 a6 7.O-O Nf6 8.Kh1 Bb4
9.Qd3 d6 10.Bg5 Bd7 11.Nb3 Ne5 12.Qe3 Bxc3 13.bxc3 Bc6 14.f3 Ned7 15.c4 h6
16.Bh4 e5 17.Rfd1 a5 18.Qd2 Ke7 19.Qc3 b6 20.Nd2 Nc5 21.Nf1 Bd7 22.Ne3 Be6
23.Nd5+ Bxd5 24.cxd5 Rhc8 25.Bb5 Rab8 26.Qe3 Nb7 27.c4 Qc5 28.Qd2 g5 29.Bf2 Qc7
30.Be3 Rg8 31.Rab1 Nc5 32.Bc6 Nfd7 33.g3 f6 34.Qg2 g4 35.Bxh6 Rg6 36.Be3 Rh8
37.Rf1 Qd8 38.fxg4 Rxg4 39.Qf3 Qg8 40.Bxc5 Rxg3 41.Qf5  1-0

[Event "Yerevan ol (Women)"]
[Site "Yerevan"]
[Date "1996.??.??"]
[Round "3"]
[White "Skripchenko, Almira"]
[Black "Botsari Miladinovic, Anna Maria"]
[Result "1-0"]
[WhiteElo "2370"]
[BlackElo "2335"]

1.e4 c5 2.Nf3 Nc6 3.d4 cxd4 4.Nxd4 Qc7 5.Nc3 e6 6.f4 a6 7.Nxc6 Qxc6 8.Bd3 b5
9.Qe2 Bb7 10.Bd2 Be7 11.a3 h5 12.O-O-O Nf6 13.Kb1 O-O-O 14.e5 Nd5 15.Nxd5 Qxd5
16.Ba5 Rde8 17.Rd2 Qc6 18.Rhd1 Bd8 19.Bb4 Be7 20.Qe3 Bxb4 21.axb4 Kb8 22.Be2 Qe4
23.Qb6 Qc6 24.Qd4 Re7 25.Bf3 Qc7 26.Rd3 Bc6 27.Rc3 Rc8 28.Bxh5 g6 29.Bf3 Ree8
30.Bxc6 dxc6 31.Qc5 Kb7 32.Rcd3 Red8 33.Rd6 Rxd6 34.Rxd6 Rd8 35.b3 Rxd6 36.Qxd6 Qxd6
37.exd6 Kc8 38.c4 Kd7 39.c5  1-0